IFM Opac

A Short History of the European Working Class (Record no. 12997)

MARC details
000 -LEADER
fixed length control field 00374nam a22001337a 4500
020 ## - INTERNATIONAL STANDARD BOOK NUMBER
International Standard Book Number 85345289
082 ## - DEWEY DECIMAL CLASSIFICATION NUMBER
Classification number 301.44 420 94 ABE
100 ## - MAIN ENTRY--PERSONAL NAME
Personal name ABENDROTH, Wolfgang
245 ## - TITLE STATEMENT
Title A Short History of the European Working Class
260 ## - PUBLICATION, DISTRIBUTION, ETC.
Place of publication, distribution, etc. New York
Name of publisher, distributor, etc. Monthly Review Press
Date of publication, distribution, etc. 1972
300 ## - PHYSICAL DESCRIPTION
Extent 204p.
Other physical details 21cm
650 ## - SUBJECT ADDED ENTRY--TOPICAL TERM
Topical term or geographic name entry element A Short history of the european working class
942 ## - ADDED ENTRY ELEMENTS (KOHA)
Koha item type Books
Holdings
Withdrawn status Lost status Damaged status Not for loan Home library Current library Shelving location Date acquired Total Checkouts Full call number Barcode Date last seen Price effective from Koha item type
Withdrawn       IFM Main Campus Library IFM Main Campus Library Archival Collection 10/26/2015   301.44 420 94 ABE 0000006943 10/26/2015 02/19/2022 Books